| 000 | 00946cab a2200253 4500 | ||
|---|---|---|---|
| 001 | WB3345-11 | ||
| 008 | 090401t1997 xxu||||| |||| 00| 0 eng d | ||
| 035 | _a(Sirsi) u82238 | ||
| 041 | _aeng | ||
| 245 | _aCapital values set to soar | ||
| 260 | _c1997 | ||
| 350 | _a0 | ||
| 490 |
_aRICS Press Release _v(pr122.com) 19 November 1997, (2) |
||
| 520 | _aCapital values of commercial property are set to rise by more than 15% over the next two years, according to the RICS/LBS "Commercial Property Model". | ||
| 650 | _aCAPITAL VALUES | ||
| 650 | _aPROPERTY-COMMERCIAL PROPERTY | ||
| 650 | _aINDUSTRIAL MARKET | ||
| 650 | _aPROPERTY-COMMERCIAL PROPERTY-OFFICE PROPERTY-OFFICE PROPERTY MARKET | ||
| 650 | _aPROPERTY-COMMERCIAL PROPERTY-RETAIL PROPERTY-RETAIL PROPERTY MARKET | ||
| 650 | _aRICS/LBS COMMERCIAL PROPERTY MODEL | ||
| 690 | _aPROPERTY-COMMERCIAL PROPERTY-COMMERCIAL PROPERTY MARKET | ||
| 942 | _n0 | ||
| 948 | _c20/11/1997 | ||
| 999 |
_c51890 _d51890 |
||